Statistics for Morocco Football Team World Cup Starting XI

Click here to take the quiz!

General Stats

  • This quiz has been taken 509 times
    (374 since last reset)
  • The average score is 13 of 60

Answer Stats

Player% Correct
Achraf Hakimi
97%
Yassine Bounou
95%
Hakim Ziyech
88%
Sofyan Amrabat
84%
Nordin Amrabat
83%
Romain Saïss
72%
Youssef En-Nesyri
72%
Nayef Aguerd
69%
Sofiane Boufal
68%
Noussair Mazraoui
67%
Azzedine Ounahi
65%
Medhi Benatia
44%
Selim Amallah
43%
Munir Mohamedi
35%
Mbark Boussoufa
27%
Nabil Dirar
26%
Mustapha Hadji
25%
Khalid Boutaïb
22%
Younès Belhanda
22%
Karim El Ahmadi
18%
Badou Zaki
17%
Noureddine Naybet
13%
Salaheddine Bassir
13%
Aziz Bouderbala
10%
Youssef Chippo
9%
Mohammed Timoumi
8%
Abdeljalil Hadda
7%
Abdelmajid Dolmy
7%
Ahmed Bahja
7%
Saïd Chiba
7%
Abdelkrim El Hadrioui
6%
Driss Benzekri
6%
Abdelkrim Merry
5%
Abderrazak Khairi
5%
Abdelilah Saber
4%
Abdelmajid Lamriss
4%
Khalil Azmi
4%
Mohammed Chaouch
4%
Mustafa El Haddaoui
4%
Smahi Triki
4%
Tahar El Khalej
4%
Youssef Rossi
4%
Abdallah Lamrani
3%
Driss Bamous
3%
El Arbi Hababi
3%
Labid Khalifa
3%
Mustafa El Biyaz
3%
Nacer Abdellah
3%
Noureddine Bouyahyaoui
3%
Rachid Azzouzi
3%
Rachid Daoudi
3%
Allal Ben Kassou
2%
Boujemaa Benkhrif
2%
Houmane Jarir
2%
Kacem Slimani
2%
Maouhoub Ghazouani
2%
Mohammed El Filali
2%
Mohammed Mahroufi
2%
Moulay Khanousi
2%
Said Ghandi
2%

Score Distribution

Percentile by Number Answered

Percent of People with Each Score

Your Score History

You have not taken this quiz since the last reset